Skład Anglii vs Hiszpania - finał Euro 2024 - Statystyki

Ogólne statystyki
  • Ten quiz został rozwiązany 695 razy
  • Średni wynik to 7 z 11
Statystyki odpowiedzi
Numer Pozycja Zawodnik % Poprawnych
9 Napastnik Harry Kane
96%
1 Bramkarz Jordan Pickford
91%
10 Ofensywny pomocnik Jude Bellingham
81%
5 Środkowy obrońca John Stones
74%
2 Środkowy obrońca Kyle Walker
70%
7 Prawy pomocnik Bukayo Saka
69%
11 Ofensywny pomocnik Phil Foden
69%
4 Środkowy pomocnik Declan Rice
65%
3 Lewy pomocnik Luke Shaw
50%
6 Środkowy obrońca Marc Guehi
44%
26 Środkowy pomocnik Kobbie Mainoo
35%
Nie znaleziono quizów pasujących do podanych kryteriów
Rozkład punktacji
Procent ludzi z każdym wynikiem
Percentyl według liczby udzielonych odpowiedzi
Twoja historia wyników
Nie rozwiązałeś tego quizu